000 00308nam a22001457a 4500
008 230907b ||||| |||| 00| 0 eng d
020 _a9780809245124
041 _aeng
080 _a521
082 _a521PEA
100 _a19
101 _aGJEO
245 _aEINSTEIN'S MOON
_cPEAT .D.F
942 _2udc
_cBK
999 _c60270
_d60270